Sudan : 2007 Article IV Consultation and Staff-Monitored Program; Staff Report; Staff Statement; Public Information Notice on the Executive Board Discussion; and Statement by the Executive Director for Sudan.

This 2007 Article IV Consultation highlights that Sudan's economic growth continued to be strong in 2006. Overall real GDP increased by 12 percent, despite a lower growth in oil production than previously projected. Non-oil GDP increased by roughly 10 percent-buoyed by a continued recovery in a...

Celý popis

Podrobná bibliografie
Korporativní autor: International Monetary Fund
Médium: Časopis
Jazyk:English
Vydáno: Washington, D.C. : International Monetary Fund, 2007.
Edice:IMF Staff Country Reports; Country Report ; No. 2007/343
On-line přístup:Full text available on IMF
LEADER 01754cas a2200241 a 4500
001 AALejournalIMF009628
008 230101c9999 xx r poo 0 0eng d
020 |c 5.00 USD 
020 |z 9781451833799 
022 |a 1934-7685 
040 |a BD-DhAAL  |c BD-DhAAL 
110 2 |a International Monetary Fund. 
245 1 0 |a Sudan :   |b 2007 Article IV Consultation and Staff-Monitored Program; Staff Report; Staff Statement; Public Information Notice on the Executive Board Discussion; and Statement by the Executive Director for Sudan. 
264 1 |a Washington, D.C. :  |b International Monetary Fund,  |c 2007. 
300 |a 1 online resource (95 pages) 
490 1 |a IMF Staff Country Reports 
500 |a <strong>Off-Campus Access:</strong> No User ID or Password Required 
500 |a <strong>On-Campus Access:</strong> No User ID or Password Required 
506 |a Electronic access restricted to authorized BRAC University faculty, staff and students 
520 3 |a This 2007 Article IV Consultation highlights that Sudan's economic growth continued to be strong in 2006. Overall real GDP increased by 12 percent, despite a lower growth in oil production than previously projected. Non-oil GDP increased by roughly 10 percent-buoyed by a continued recovery in agriculture and strong activity in manufacturing, construction, and services. The fiscal position weakened in 2006, reflecting mostly oil revenue shortfalls. The external current account position also deteriorated, reaching a deficit of roughly 13 percent of GDP. 
538 |a Mode of access: Internet 
830 0 |a IMF Staff Country Reports; Country Report ;  |v No. 2007/343 
856 4 0 |z Full text available on IMF  |u http://elibrary.imf.org/view/journals/002/2007/343/002.2007.issue-343-en.xml  |z IMF e-Library